000 00948cam a22002771 4500
001 24054
003 BD-RjUL
005 20211209001014.0
008 140312r19551952nyua 000 0aeng d
035 _a(BD-RjUL)24120
040 _aDLC
_cOKentU
_dOCoLC
_dDLC
_dBD-RjUL
_beng
041 _aeng
082 0 0 _a928.945113
_bKOA 1955
100 1 _aKoestler, Arthur,
_d1905-1983.
_974098
245 1 0 _aArrow in the blue :
_ban autobiography /
_c Arthur Koestler,
260 _aNew York :
_bMacmillan,
_c1952 [Reprinted 1955]
300 _a306p. :
_billus. ;
_c22 cm.
600 1 0 _aKoestler, Arthur,
_d1905-1983.
_974108
650 0 _aNovelists, English
_y20th century
_vBiography.
_963322
650 0 _aPolitical activists
_zGreat Britain
_vBiography.
_974100
650 0 _aPhilosophers
_zGreat Britain
_vBiography.
_974101
650 0 _aJournalists
_zGreat Britain
_vBiography.
_974102
942 _2ddc
_cBK
999 _c24054
_d24054